Kursus sijil penilaian harta untuk pembantu penilaian [ pengucapan awam bhg.2

Bibliographic Details
Format: Book
Published: Bangi : Inspen , 1995
Subjects:

MARC

LEADER 00000cam a2200000 7i4500
001 0000017592
005 20061130.0
040 |a INS 
090 0 0 |a PN 4121 1995 
245 0 0 |a Kursus sijil penilaian harta untuk pembantu penilaian [  |h video recording] :   |b pengucapan awam bhg.2 
260 |a Bangi :   |b Inspen ,   |c 1995 
300 |a 1 Video cassette(VHS) (2:20) :   |b sd.,col. ;   |c 1/2 in. 
650 0 0 |a Public speaking 
999 |a VHS577   |b VIDEO   |c Media Collection   |e Default branch